[Event "Warsaw Najdorf Memorial op-B"]
[Site "Warsaw"]
[Date "2022.07.14"]
[Round "6"]
[White "Wasiluk, Mateusz"]
[Black "Wieckowski, Michal"]
[Result "0-1"]
[WhiteElo "1496"]
[BlackElo "1669"]
[PlyCount "110"]
[EventDate "2022.07.09"]
[EventType "swiss"]
[EventRounds "9"]
[EventCountry "POL"]
[SourceTitle "CBM 209 Extra"]
[Source "ChessBase"]
[SourceDate "2022.09.30"]
[SourceVersion "1"]
[SourceVersionDate "2022.09.30"]
[SourceQuality "1"]

1. d4 Nf6 2. c4 c5 3. d5 b5 4. cxb5 a6 5. bxa6 Bxa6 6. Nc3 d6 7. e4 Bxf1 8. Kxf1 g6 9. g3 Bg7 10. Nf3 Nbd7 11. Kg2 0-0 12. h3 Qa5 13. Bg5 Rfb8 14. Qe2 h6 15. Bxf6 Bxf6 16. Qc2 Ra7 17. Rab1 Rab7 18. Nd2 Nb6 19. Rhe1 Ra7 20. Nb3 Qa6 21. f4 Bd4 22. Ne2 Bg7 23. a3 Nc4 24. Nec1 Qb5 25. Qd3 Nxb2 26. Qxb5 Rxb5 27. e5 Nc4 28. Nd2 Rxb1 29. Nxb1 Nxa3 30. Nxa3 Rxa3 31. exd6 exd6 32. Re8+ Bf8 33. Kf2 f5 34. Re3 Ra4 35. Ne2 Kf7 36. g4 h5 37. gxf5 gxf5 38. Kf3 h4 39. Re6 Ra3+ 40. Re3 Ra1 41. Kf2 Rd1 42. Nc3 Rd4 43. Kf3 Bh6 44. Nb5 Rxd5 45. Nc7 Rd4 46. Ne6 Re4 47. Nc7 Rxf4+ 48. Kg2 Rg4+ 49. hxg4 Bxe3 50. gxf5 c4 51. Nd5 Bd2 52. Kh3 c3 53. Nb4 Be1 54. Nd3 c2 55. Nxe1 c1Q 0-1

[Event "POL-ch U13 Qual"]
[Site "Jastrzebia Gora"]
[Date "2021.11.16"]
[Round "2"]
[White "Filipczyk, Michal"]
[Black "Wasiluk, Mateusz"]
[Result "0-1"]
[WhiteElo "1136"]
[BlackElo "1263"]
[PlyCount "50"]
[EventDate "2021.11.15"]
[EventType "swiss"]
[EventRounds "9"]
[EventCountry "POL"]
[SourceTitle "EXT 2023"]
[Source "ChessBase"]
[SourceDate "2022.10.05"]
[SourceVersion "1"]
[SourceVersionDate "2022.10.05"]
[SourceQuality "1"]

1. d4 Nf6 2. c4 g6 3. Nc3 Bg7 4. e4 d6 5. Nf3 0-0 6. Be2 c5 7. d5 e6 8. 0-0 exd5 9. exd5 Re8 10. Re1 Nbd7 11. Bf4 Ne5 12. h3 Nfd7 13. Qc1 Nxf3+ 14. Bxf3 Ne5 15. Be2 Bf5 16. a3 Nd3 17. Bxd3 Rxe1+ 18. Qxe1 Bxd3 19. b3 Qf6 20. Rd1 Bc2 21. Rc1 Bxb3 22. Qd2 Re8 23. Nb5 Bf8 24. Nxa7 Re4 25. Qd3 Qxf4 0-1